000 00406cam a2200145ua 4500
041 _aeng
_h
082 _a928.2
_bKIP/SO
100 _aKipling, Rudyard.
245 _aSomething of myself: for my friends of known and unknown /
_cRudyard Kipling.
_hTextual Documents
260 _aLondon :
_bMacMillan and Company Limited ,
_c1964.
300 _a237 ; .
504 _a
942 _cBK
999 _c5777
_d5777